| 000 | 00618nam a2200229Ia 4500 | ||
|---|---|---|---|
| 008 | 160404s9999 xx 000 0 und d | ||
| 020 | _a978-971-584-958-6 | ||
| 050 | _aFIL TX 901 | ||
| 050 | _b.S26 2010 c.1 | ||
| 100 | _aSantos, Buen. | ||
| 245 | _aIntroduction to hotel and resort management / | ||
| 245 | _cBuen Santos. | ||
| 260 | _aQuezon City: | ||
| 260 | _bC & E Pub. Inc., | ||
| 260 | _c2010 | ||
| 300 | _a177 pages : | ||
| 300 | _bcolor illustrations. ; | ||
| 300 | _c26 cm. | ||
| 500 | _aIncludes bibliographical references. | ||
| 650 | _aHotel management. | ||
| 650 | _xResorts management. | ||
| 999 |
_c293148 _d293148 |
||